Process evaluation and design /
Guardado en:
| Autor Principal: | |
|---|---|
| Formato: | Libro |
| Idioma: | English |
| Publicado: |
massachusetts :
Dpto. of Chemical Engineering,
[1981?]
|
| Materias: | |
| Etiquetas: |
Agregar Etiqueta
Sin Etiquetas, Sea el primero en etiquetar este registro!
|
| LEADER | 00635nam a22001815a 4500 | ||
|---|---|---|---|
| 001 | EIQ.libpla002063 | ||
| 008 | 070404s1981####maua##########000#0#eng#d | ||
| 005 | 20080613182541.0 | ||
| 245 | 1 | 0 | |a Process evaluation and design / |c by J.M. Douglas. |
| 260 | |a massachusetts : |b Dpto. of Chemical Engineering, |c [1981?] | ||
| 300 | |a 1 v. (hojas sustituibles) : |b il. ; |c 28 cm. | ||
| 100 | 1 | |a Douglas, James M. |q (James Merrill) | |
| 650 | 4 | |a Procesos |x Diseño. | |
| 650 | 4 | |a Procesos |x Evaluación. | |
| 650 | 4 | |a Processes |x Evaluation. | |
| 650 | 4 | |a Processes |x Design. | |
| 040 | |a AR-BbSID |b spa |c AR-BbSID | ||
| 859 | |a AR-BbSID |b BIB. PLAPIQUI |h 660.281 |i D 71 |p 1301 | ||
